000
00267nam a22001097a 4500
082
_a
658.2 IRE'F
100
_a
IRESON, WILLIAM GRANT
_9
44646
245
_a
FACTORY PLANNING AND PLANT LAYOUT
260
_a
NEWJERSCY
_b
PRENTICE HALL
_c
1961
300
_a
386P
942
_c
BK
999
_c
568631
_d
568631